000 00602cam a22002053a 4500
001 39992
003 PGUSA
005 20140828083906.0
008 120613s2012||||xxu|||||s|||||000 | eng d
040 _aPGUSA
_beng
042 _adc
100 1 _aPassos, A. A. Soares de
_q(António Augusto Soares),
_d1826-1860
245 1 0 _aPoesias
_h[electronic resource] /
_cA. A. Soares de Passos
260 _bProject Gutenberg,
_c2012
506 _aPublic domain in the USA.
516 _aElectronic text
830 0 _aProject Gutenberg
_v39992
856 4 0 _uhttp://www.gutenberg.org/ebooks/39992
942 _cEB
999 _c269245
_d269245